| 000 | 00693cab a2200229 4500 | ||
|---|---|---|---|
| 001 | WB3510-18 | ||
| 008 | 090401t1999 xxu||||| |||| 00| 0 eng d | ||
| 035 | _a(Sirsi) u91938 | ||
| 041 | _aeng | ||
| 245 | _aOil price slump hits Aberdeen market | ||
| 260 | _c1999 | ||
| 350 | _a0 | ||
| 490 |
_aScotsman _v9 March 1999, 27(1) |
||
| 520 | _aProperty development projects in Aberdeen have been postponed or abandoned due to the falling price of oil. | ||
| 650 | _aABERDEEN | ||
| 650 | _aOFFICE SPACE REQUIREMENTS | ||
| 650 | _aOIL INDUSTRY | ||
| 650 | _aPROPERTY DEVELOPMENT | ||
| 690 | _aPROPERTY-COMMERCIAL PROPERTY-COMMERCIAL PROPERTY MARKET | ||
| 942 | _n0 | ||
| 948 | _c10/03/1999 | ||
| 999 |
_c58300 _d58300 |
||